| 000 | 00923cam a22003013a 4500 | ||
|---|---|---|---|
| 001 | 16392126 | ||
| 003 | OSt | ||
| 005 | 20140310182019.0 | ||
| 008 | 980423s1998 xxu 000 1 eng | ||
| 010 | _a 98813119 | ||
| 020 | _a0380797828 | ||
| 035 | _a(DLC) 98813119 | ||
| 040 |
_aDLC _cDLC _dDLC |
||
| 050 | 0 | 0 |
_aPZ 7 _b.Sh528 1998 |
| 082 |
_aKF _bSh1ei 1998 |
||
| 100 | 1 |
_aShahan, Sherry. _96912 |
|
| 245 | 1 | 0 |
_aSome kids get wet... Fountain of weird / _cSherry Shahan. |
| 260 |
_aNew York : _bAvon Books, _c1998. |
||
| 300 |
_a119 p. ; _c20 cm. |
||
| 490 | 0 |
_aEerie Indiana : _vno. 6 |
|
| 541 | _j1 | ||
| 562 | _efor circulation. 1 copy available in the collection | ||
| 650 |
_aFiction _9746 |
||
| 655 | 7 |
_aYoung adult fiction. _2lcsh _93735 |
|
| 710 | 2 |
_aCopyright Paperback Collection (Library of Congress) _5DLC _9705 |
|
| 906 |
_a7 _bcbc _corignew _d2 _encip _f19 _gy-genrareb |
||
| 942 |
_2lcc _cBK-KF _kKF |
||
| 999 |
_c8308 _d8308 |
||